00865nam a2200181 i 4500001000700000003000900007005001700016008004100033245017100074260009300245300005300338530003500391650003200426700004200458700003700500852003600537856011000573160439ES-MaACL20250927112022.0981002q1870 fr af |||| | fre d03aLe Musée galant du dix-huitième siecle b: facsimilés d'estampes originales en noir et en couleurs / cchefs-d'oeuvre de Baudouin, Boilly, Boucher ... [et al.]. aParis : bG. Charpentier & E. Fasquelle, c[ca. 1870] (eSceaux :fImp. Charaire et Cie) a10 fasc. : btodas il. col. y n. ; c28 x 35 cm. aDisponible en formato digital.04aPintura francesa-xS.XVIII.1 aBaudouin, Pierre Antoine, d1723-17691 aBoucher, François, d1703-1770 aES-MaACLjG-12261 z- Enc. hol. uhttps://bvpb.mcu.es/es/consulta/registro.do?id=577732 zBiblioteca Virtual del Patrimonio Bibliográfico